000 00325nam a2200133Ia 4500
005 20260328104323.0
008 260328s9999||||xx |||||||||||||| ||und||
100 _aRispa, Raúl
245 0 _aBarragan Obra completa /
_cRaúl Rispa
260 _bTanais Ediciones
300 _a223 p.
650 _aARQUITECTOS
942 _cBK
999 _c11401
_d11401